Pro cobol supplement to the oracle precompilers guide. (Record no. 182220)
[ view plain ]
| 000 -LEADER | |
|---|---|
| fixed length control field | 00644nam a2200205Ia 4500 |
| 003 - CONTROL NUMBER IDENTIFIER | |
| control field | OSt |
| 005 - DATE AND TIME OF LATEST TRANSACTION | |
| control field | 20250130105138.0 |
| 008 - FIXED-LENGTH DATA ELEMENTS--GENERAL INFORMATION | |
| fixed length control field | 210716s9999 xx 000 0 und d |
| 040 ## - CATALOGING SOURCE | |
| Transcribing agency | AIMIT LIBRARY |
| 041 ## - LANGUAGE CODE | |
| Language code of text/sound track or separate title | eng |
| 082 ## - DEWEY DECIMAL CLASSIFICATION NUMBER | |
| Classification number | 005.7401 |
| Edition number | 1 |
| Item number | ORAC |
| 245 ## - TITLE STATEMENT | |
| Title | Pro cobol supplement to the oracle precompilers guide. |
| 250 ## - EDITION STATEMENT | |
| Edition statement | 1st ed. |
| 300 ## - PHYSICAL DESCRIPTION | |
| Extent | 4.47,A4,7 p.; |
| Other physical details | PB |
| Dimensions | 24.5 cm. |
| 650 ## - SUBJECT ADDED ENTRY--TOPICAL TERM | |
| Topical term or geographic name entry element | Running the pro cobol precompiler |
| 9 (RLIN) | 196176 |
| 650 ## - SUBJECT ADDED ENTRY--TOPICAL TERM | |
| Topical term or geographic name entry element | Doing Conditional precompilations |
| 9 (RLIN) | 196177 |
| 650 ## - SUBJECT ADDED ENTRY--TOPICAL TERM | |
| Topical term or geographic name entry element | Implementing dynamic sql method 4 |
| 9 (RLIN) | 196178 |
| 650 ## - SUBJECT ADDED ENTRY--TOPICAL TERM | |
| Topical term or geographic name entry element | Understanding the sqlDA |
| 9 (RLIN) | 196179 |
| 942 ## - ADDED ENTRY ELEMENTS (KOHA) | |
| Source of classification or shelving scheme | Dewey Decimal Classification |
| Koha item type | Book |
| Edition | 1st |
| Call number prefix | 005.7401 ORAC |
| Withdrawn status | Lost status | Damaged status | Not for loan | Collection code | Home library | Current library | Date acquired | Total Checkouts | Full call number | Barcode | Date last seen | Price effective from | Koha item type |
|---|---|---|---|---|---|---|---|---|---|---|---|---|---|
| MCA | St Aloysius Institute of Management & Information Technology | St Aloysius Institute of Management & Information Technology | 07/16/2021 | 005.7401 ORAC | MCA01728 | 05/23/2026 | 07/16/2021 | Book |